A Magyarországon rendszeres hastánc foglalkozáson résztvevők életminőség vizsgálata

Elmentve itt :
Bibliográfiai részletek
Szerző: Fehér Vanda
További közreműködők: Králik-Lenhart Krisztina (Témavezető)
Dokumentumtípus: Szakdolgozat
Megjelent: 2018
Tárgyszavak:
Online Access:http://diploma.bibl.u-szeged.hu/75210
LEADER 00738nta a2200169 i 4500
001 dipl75210
005 20190801111652.0
008 190801s2018 hu om 0|| hun d
040 |a SZTE Diploma Repozitórium  |b hun 
041 |a hun 
100 1 |a Fehér Vanda 
245 1 2 |a A Magyarországon rendszeres hastánc foglalkozáson résztvevők életminőség vizsgálata  |h [elektronikus dokumentum] /  |c Vanda Fehér 
246 1 0 |a The life quality examination of participants at regular belly dancing classes in Hungary  |h [elektronikus dokumentum] 
260 |c 2018 
650 4 |a Pedagógusképzés 
700 2 |a Králik-Lenhart Krisztina  |e ths 
856 4 0 |u http://diploma.bibl.u-szeged.hu/id/eprint/75210/1/2018_Feh%C3%A9r_Vanda_G9HXAU_SZ.pdf  |z Dokumentum-elérés